000 00377nam a22001577a 4500
003 MPLRDC
005 20220104143330.0
008 210129b ||||| |||| 00| 0 eng d
082 _a866 KHA
100 _aOMAR KHAYYAM
245 _a鲁拜集
_c荷城等译
260 _a
_b书林出版有限公司
_c1987
300 _b
650 _a伊朗文学
942 _cBK
_o866 KHA
999 _c38880
_d38870